Vista normal Vista MARC

Entrada Personal Name

Número de registros utilizados en: 2

001 - CONTROL NUMBER

  • control field: 8228

003 - CONTROL NUMBER IDENTIFIER

  • control field: OSt

005 - DATE AND TIME OF LATEST TRANSACTION

  • control field: 20200731103652.0

008 - FIXED-LENGTH DATA ELEMENTS

  • fixed length control field: 200731|| aca||aabn | a|a d

040 ## - CATALOGING SOURCE

  • Original cataloging agency: OSt
  • Transcribing agency: OSt

100 ## - HEADING--PERSONAL NAME

  • Personal name: Manzano, Manuel

670 ## - SOURCE DATA FOUND

  • Source citation: Work cat.: (OSt)4532: Stilton, Geronimo, autor 8224, Mi nombre es Stilton, Geronimo Stilton / , ©2003